000 00758cam a2200277 i 4500
001 768714001
003 CO-MdFUSB
005 20240628174230.0
007 ta
008 240628t1965 -us||||| |||| 00| 0 eng d
020 _a0-87123-539-0
040 _cCO-MdFUSB
041 0 _aeng
082 0 4 _224
_a234.8
_b R7951v
100 1 _aRose, Delbert R.
_eautor
245 1 0 _aVital holiness :
_bA theology of christian experience
_c/ Delbert R. Rose
264 1 _bBethany Fellowship,
_aMinneapolis, Minnesota, USA :
_c[1965]
264 4 _c©1965
300 _a322 Pag
336 _atexto
_btxt
_2rdacontent
337 _2rdamedia
_asin mediación
_bn
338 _2rdacarrier
_avolumen
_bnc
653 _aSantificación
942 _cBK
945 _aMiguel
999 _c34900
_d34900